[Event "SVK-ch U08"]
[Site "Lubovna"]
[Date "2020.08.15"]
[Round "1"]
[White "Tvrdy, Simon"]
[Black "Pisarcik, Richard"]
[Result "0-1"]
[WhiteElo "1000"]
[BlackElo "1172"]
[PlyCount "76"]
[EventDate "2020.08.15"]
[EventType "tourn"]
[EventRounds "9"]
[EventCountry "SVK"]
[SourceTitle "EXT 2021"]
[Source "ChessBase"]
[SourceDate "2020.10.23"]
[SourceVersion "1"]
[SourceVersionDate "2020.10.23"]
[SourceQuality "1"]

1. e4 e5 2. Nf3 Nf6 3. Nxe5 d6 4. Nd3 Nxe4 5. Qe2 Bf5 6. f3 Nc6 7. fxe4 Nd4 8. Qe3 Nxc2+ 9. Kd1 Nxe3+ 10. dxe3 Bxe4 11. Nf2 Bc6 12. Na3 Qf6 13. Ng4 Qf5 14. Be2 Bxg2 15. Rg1 Bh3 16. Nc2 Bxg4 17. Bxg4 Qf2 18. Rg3 Qxh2 19. Rf3 Qg1+ 20. Kd2 Qxg4 21. Rf2 Be7 22. Ke1 0-0 23. Rf4 Qg6 24. Nd4 Bf6 25. Nf5 Bg5 26. Ne7+ Bxe7 27. e4 Bg5 28. Rg4 Bh4+ 29. Ke2 Qxg4+ 30. Kd2 Bg5+ 31. Kc2 Qxe4+ 32. Kc3 Bf6+ 33. Kb3 a5 34. a3 a4+ 35. Ka2 Qc4+ 36. Kb1 Rfe8 37. Ra2 Re1 38. b3 Qxc1# 0-1